Elektronizacja Poradnik zawodowy

Na minha lista:
Detalhes bibliográficos
Formato: Livro
Idioma:polonês
Publicado em: Warszawa Wyd. Komunikacji i Lacznosci 1987
Edição:1. wyd.
Tags: Adicionar Tag
Sem tags, seja o primeiro a adicionar uma tag!

MARC

LEADER 00000nam a2200000 4500
001 c028170
005 20221219123300.2
041 0 |a pol 
044 |a PL 
245 1 0 |a Elektronizacja  |b Poradnik zawodowy 
250 |a 1. wyd. 
264 1 |a Warszawa  |b Wyd. Komunikacji i Lacznosci  |c 1987 
300 |a 79 s.